Normal view
MARC view
- Hammer, Daniel.A Wood, H. Alan Granados, Robert.R
Entry Personal Name
001 - CONTROL NUMBER
- control field: 77701
003 - CONTROL NUMBER IDENTIFIER
- control field: NUST
005 - DATE AND TIME OF LATEST TRANSACTION
- control field: 20210628205951.0
008 - FIXED-LENGTH DATA ELEMENTS
- fixed length control field: 210628|| aca||aabn | a|a d
040 ## - CATALOGING SOURCE
- Original cataloging agency: NUST
- Transcribing agency: NUST
100 ## - HEADING--PERSONAL NAME
- Personal name: Hammer, Daniel.A Wood, H. Alan Granados, Robert.R
670 ## - SOURCE DATA FOUND
- Source citation: Work cat.: (NUST): Hammer, Daniel.A Wood, H. Alan Granados, Robert.R, Baculovirus expression systems and biopesticides, 1995
